[Event "SVK-ch U16"]
[Site "Stara Lubovna"]
[Date "2022.05.22"]
[Round "2"]
[White "Volanek, Maros"]
[Black "Filo, David"]
[Result "1-0"]
[WhiteElo "1458"]
[BlackElo "1653"]
[PlyCount "89"]
[EventDate "2022.05.21"]
[EventType "swiss"]
[EventRounds "9"]
[EventCountry "SVK"]
[SourceTitle "CBM 208 Extra"]
[Source "ChessBase"]
[SourceDate "2022.07.31"]
[SourceVersion "1"]
[SourceVersionDate "2022.07.31"]
[SourceQuality "1"]

1. d4 Nf6 2. Nf3 e6 3. c4 b6 4. Bf4 Bb7 5. e3 Be7 6. Nc3 d6 7. Be2 Nbd7 8. 0-0 0-0 9. Rc1 Nh5 10. Bg3 Nxg3 11. hxg3 f5 12. Qb3 Rf6 13. Rfd1 Qe8 14. Ng5 Kh8 15. c5 Nf8 16. Nb5 Qd8 17. cxd6 Bxd6 18. Bc4 Qe7 19. d5 e5 20. Ne6 Nxe6 21. dxe6 f4 22. gxf4 exf4 23. Nxd6 cxd6 24. exf4 Rxf4 25. Bd5 Bxd5 26. Qxd5 Re8 27. Qxd6 Rff8 28. Qxe7 Rxe7 29. Rc6 g6 30. Rd7 Rfe8 31. Rcc7 Rxe6 32. Rxh7+ Kg8 33. Rcg7+ Kf8 34. Rxa7 Kg8 35. Rhg7+ Kh8 36. g3 Rc8 37. Rgc7 Rb8 38. Rcb7 Rc8 39. Ra6 Rg8 40. Rbxb6 Re1+ 41. Kg2 Kh7 42. b3 Rb1 43. Rf6 Rg7 44. Rf4 Rb2 45. Rh4+ 1-0